| 000 | 00408pab a2200169 454500 | ||
|---|---|---|---|
| 008 | 180718b2005 xxu||||| |||| 00| 0 eng d | ||
| 100 | _aKaushik, Archana | ||
| 245 | _aIntegrated rehabilitation of elderly and children | ||
| 260 | _c2005 | ||
| 300 | _ap.16-20. | ||
| 362 | _aOct | ||
| 650 | _aElderly | ||
| 650 | _aChild welfare | ||
| 700 | _aSharma, Renu | ||
| 773 | _aSocial Welfare | ||
| 909 | _a67251 | ||
| 999 |
_c67251 _d67251 |
||